Sultanate architecture of pre-Mughal India / (Record no. 135100)

MARC details
000 -LEADER
fixed length control field 00844nam a22002417a 4500
005 - DATE AND TIME OF LATEST TRANSACTION
control field 20170124110240.0
010 ## - LIBRARY OF CONGRESS CONTROL NUMBER
LC control number B-158523
020 ## - INTERNATIONAL STANDARD BOOK NUMBER
Terms of availability 1250.00
International Standard Book Number 8121510880
035 ## - SYSTEM CONTROL NUMBER
System control number B-158523
037 ## - SOURCE OF ACQUISITION
Source of stock number/acquisition Cen Lib/Ret
040 ## - CATALOGING SOURCE
Original cataloging agency DPL
Language of cataloging EN
082 ## - DEWEY DECIMAL CLASSIFICATION NUMBER
Classification number 720.954
Item number MER
100 ## - MAIN ENTRY--PERSONAL NAME
Personal name Merklinger, Elizabeth Schotten
9 (RLIN) 142121
245 ## - TITLE STATEMENT
Title Sultanate architecture of pre-Mughal India /
Statement of responsibility, etc by Elizabeth Schotten Merklinger
246 ## - VARYING FORM OF TITLE
Remainder of title
260 ## - PUBLICATION, DISTRIBUTION, ETC. (IMPRINT)
Place of publication, distribution, etc New Delhi
Name of publisher, distributor, etc Munshiram Manoharlal Publishers
Date of publication, distribution, etc 2005
270 ## - ADDRESS
City New Delhi
Address 54, rani Jhansi road
Postal code 110055
300 ## - PHYSICAL DESCRIPTION
Extent xiv, 174p. :
Dimensions 28cm(Hb)
Other physical details ill.
500 ## - GENERAL NOTE
General note Includes glossary, bibliographical references and index
650 ## - SUBJECT ADDED ENTRY--TOPICAL TERM
Topical term or geographic name as entry element Architecture -- India.
9 (RLIN) 30212
650 ## - SUBJECT ADDED ENTRY--TOPICAL TERM
Topical term or geographic name as entry element Islamic architecture -- India -- Delhi (Sultanate)
9 (RLIN) 142122
942 ## - ADDED ENTRY ELEMENTS (KOHA)
Source of classification or shelving scheme Dewey Decimal Classification
Koha item type English Books
Classification part 720.954
Call number suffix MER
Holdings
Withdrawn status Lost status Damaged status Not for loan Collection code Home library Current library Date acquired Source of acquisition Cost, normal purchase price Total Checkouts Full call number Barcode Date last seen Copy number Cost, replacement price Price effective from Koha item type
      Not For Loan Reference Central Library Central Library 01/10/2015 Cen Lib/Ret 1250.00   720.954 MER B-158523 01/10/2015 1 1250.00 01/10/2015 English Books

© Delhi Public Library
Hit Counter
free hit counter